Skąd pochodzą marki telefonów - Statystyki

Ogólne statystyki
  • Ten quiz został rozwiązany 1 827 razy
  • Średni wynik to 7 z 12
Statystyki odpowiedzi
Hint Odpowiedź % Poprawnych
Xiaomi Chiny
98%
Huwawei Chiny
87%
Iphone Stany Zjednoczone
85%
Samsung Korea Południowa
77%
Nokia Finlandia
62%
Sony Japonia
61%
LG korea południowa
51%
Motorola Stany zjednoczone
48%
MyPhone Polska
37%
BlackBerry Kanada
20%
Hammer Polska
20%
HTC Tajwan
16%
Nie znaleziono quizów pasujących do podanych kryteriów
Rozkład punktacji
Procent ludzi z każdym wynikiem
Percentyl według liczby udzielonych odpowiedzi
Twoja historia wyników
Nie rozwiązałeś tego quizu